CS:GO players with major MVPs - Statistics

General Stats
  • This quiz has been taken 187 times
  • The average score is 12 of 15
Answer Stats
Year Player % Correct
FACEIT Major: London 2018 device
92%
StarLadder Berlin Major 2019 device
92%
ESL Major Series One: Katowice 2014 pashaBiceps
90%
ESL One: Katowice 2015 olofmeister
89%
ESL One: Cologne 2015 flusha
88%
DreamHack Winter 2013 JW
87%
MLG Columbus 2016 coldzera
86%
ESL One: Cologne 2016 coldzera
86%
DreamHack Open Cluj-Napoca 2015 kennyS
85%
IEM Katowice Major 2019 Magisk
84%
DreamHack Winter 2014 Happy
70%
ELEAGUE Major: Boston 2018 tarik
69%
PGL Major Kraków 2017 AdreN
68%
ESL One: Cologne 2014 friberg
66%
ELEAGUE Major: Atlanta 2017 Kjaerbye
65%
No matching quizzes found
Score Distribution
Percent of People with Each Score
Percentile by Number Answered
Your Score History
You have not taken this quiz